logo

Bir Sreshtho Munshi Abdur Rouf Library
Jhenaidah Cadet College

Advanced dynamics for engineers / (Record no. 8731)

MARC details
000 -LEADER
fixed length control field 00784nam a2200277 a 4500
001 - CONTROL NUMBER
JCCL Control Number 8731
003 - CONTROL NUMBER IDENTIFIER
JCCL marc code BD-JhCC
005 - DATE AND TIME OF LATEST TRANSACTION
control field 20181001173832.0
008 - FIXED-LENGTH DATA ELEMENTS--GENERAL INFORMATION
fixed length control field 180301s1960 paua 001 0 eng d
035 ## - SYSTEM CONTROL NUMBER
system control number (BD-JhCC)8731
035 ## - SYSTEM CONTROL NUMBER
system control number (OCoLC)1201437
040 ## - CATALOGING SOURCE
Original cataloging agency BD-JhCC
Transcribing agency GAT
Modifying agency BD-JhCC
-- DLC
041 ## - LANGUAGE CODE
Language code of Book eng
050 00 - LIBRARY OF CONGRESS CALL NUMBER
Classification number QA845
Item number .D6
082 ## - DEWEY DECIMAL CLASSIFICATION NUMBER
Classification number 531.3
Author mark and Year DOW 1960
100 1# - MAIN ENTRY--PERSONAL NAME
Personal name Downey, Glenn L.
245 10 - TITLE STATEMENT
Title Advanced dynamics for engineers /
Statement of responsibility, etc Glenn L. Downey and Gerald M. Smith.
260 ## - PUBLICATION, DISTRIBUTION, ETC. (IMPRINT)
Place of publication, distribution, etc Scranton,
Name of publisher, distributor, etc International Textbook Co.
Date of publication, distribution, etc [1960]
300 ## - PHYSICAL DESCRIPTION
Pagination 354 p.
Other physical details illus.
Dimensions 24 cm.
504 ## - BIBLIOGRAPHY, ETC. NOTE
Bibliography, etc Includes Index
650 #0 - SUBJECT ADDED ENTRY--TOPICAL TERM
Topical term or geographic name as entry element Dynamics.
650 #0 - SUBJECT ADDED ENTRY--TOPICAL TERM
Topical term or geographic name as entry element Electronic analog computers.
700 1# - ADDED ENTRY--PERSONAL NAME
Personal name Smith, G. M.
Fuller form of name (Gerald M.),
942 ## - ADDED ENTRY ELEMENTS (KOHA)
Source of classification or shelving scheme Dewey Decimal Classification
Koha item type Books
Holdings
Source of classification or shelving scheme Damaged status Not for loan Home library Current library Shelving location Date of accession Source of acquisition Total Checkouts Full call number Barcode Date last seen Date checked out Copy number Koha item type
Dewey Decimal Classification     JCC Rouf Library JCC Rouf Library General Stacks 06/02/2024 Asia Foundation 2 531.3 DOW 1960 11140 06/02/2024 06/02/2024 C-1 Books

JCC Library | Contacts | JCC Home

Last Update on 23 September 2017
Copyright @ 2017-2020 JCC Rouf Library
Rouf Library, Jhenidah Cadet College (JCC), Bangladesh